00500nam a22001574a 450000500170000001000170001702000260003403500170006003700080007708200060008510000200009124501260011126000280023727000530026530000240031820100908115744.0 aB-413611-628 a9788129115034c295.00 aB-413611-628 bUBH aS aBhagat, Sudhira aAcushla:bthe love story of an Indian princess and an englishman during the pre-independence period /cby Sudhira Bhagat  aNew Delhi bRupa c2009 a7/16, Ansari Road, DaryaganjbNew Delhi e110002 a355p. c22 cm(pbk)